00675nam a2200181Ia 4500008004100000082001400041100002000055245007200075260003400147300000800181600000600189630007200195700000600267730007200273942000900345999001700354952012200371090122s9999 xx 000 0 und d b1840a635 aPbFcKononikov aVegetable Growing in Home Gardens of Tropical and Subtropical Areas b"Mir Publishers, Mosow"c1988 a157 aP aVegetable Growing in Home Gardens of Tropical and Subtropical Areas aP aVegetable Growing in Home Gardens of Tropical and Subtropical Areas cBOOK c25918d25918 00104070aDOMGRANTHbDOMGRANTHd2009-01-22g7.25l0o1840pDOM-1840r2009-01-22 00:00:00t1v7.25w2009-01-22yBOOK